[Event "Nova Gorica op-A 20th"]
[Site "Nova Gorica"]
[Date "2015.02.02"]
[Round "6"]
[White "Cortese, Lina"]
[Black "Nardin, Flavij"]
[Result "1/2-1/2"]
[WhiteElo "1668"]
[BlackElo "1819"]
[PlyCount "34"]
[EventDate "2015.01.30"]
[EventType "swiss"]
[EventRounds "9"]
[EventCountry "SLO"]
[SourceTitle "CBM 164 Extra"]
[Source "ChessBase"]
[SourceDate "2015.03.02"]
[SourceVersion "1"]
[SourceVersionDate "2015.03.02"]
[SourceQuality "1"]

1. c4 e5 2. Nc3 c6 3. Nf3 f6 4. d3 Bb4 5. Bd2 d5 6. cxd5 Bxc3 7. Bxc3 cxd5 8. e3 Ne7 9. g3 0-0 10. Bg2 Nbc6 11. 0-0 Rb8 12. Rc1 Bg4 13. h3 Be6 14. a3 Qd7 15. Kh2 Ng6 16. b4 a6 17. a4 Nce7 1/2-1/2

[Event "Nova Gorica op-A 20th"]
[Site "Nova Gorica"]
[Date "2015.01.30"]
[Round "1"]
[White "Nardin, Flavij"]
[Black "Kerigan, Demre"]
[Result "0-1"]
[WhiteElo "1819"]
[BlackElo "2311"]
[PlyCount "66"]
[EventDate "2015.01.30"]
[EventType "swiss"]
[EventRounds "9"]
[EventCountry "SLO"]
[SourceTitle "CBM 164 Extra"]
[Source "ChessBase"]
[SourceDate "2015.03.02"]
[SourceVersion "1"]
[SourceVersionDate "2015.03.02"]
[SourceQuality "1"]

1. d4 Nf6 2. c4 g6 3. Nc3 Bg7 4. e4 d6 5. h3 0-0 6. Nf3 e5 7. d5 Nh5 8. g3 f5 9. Bd3 Qe8 10. Be3 f4 11. gxf4 Nxf4 12. Bxf4 Rxf4 13. Ng1 Qf7 14. Rh2 Na6 15. a3 Nc5 16. Bc2 Bf6 17. Nce2 Bh4 18. Nxf4 Qxf4 19. Nf3 Nxe4 20. Bxe4 Qxe4+ 21. Qe2 Qf4 22. Rg2 Bf6 23. Rg3 e4 24. Nh2 Bh4 25. Nf1 Bxg3 26. fxg3 Qe5 27. 0-0-0 Bxh3 28. Nd2 Re8 29. Qh2 Bg4 30. Rh1 h5 31. Re1 e3 32. Nf1 e2 33. Nd2 Qe3 0-1

[Event "Nova Gorica op-A 18th"]
[Site "Nova Gorica"]
[Date "2013.01.26"]
[Round "2"]
[White "Portelli, Severino"]
[Black "Nardin, Flavij"]
[Result "1/2-1/2"]
[WhiteElo "1740"]
[BlackElo "1859"]
[PlyCount "78"]
[EventDate "2013.01.25"]
[EventType "swiss"]
[EventRounds "9"]
[EventCountry "SLO"]
[SourceTitle "CBM 152 Extra"]
[Source "ChessBase"]
[SourceDate "2013.02.25"]
[SourceVersion "1"]
[SourceVersionDate "2013.02.25"]
[SourceQuality "1"]

1. d4 d5 2. Nf3 Nc6 3. c3 Bg4 4. Bf4 Nf6 5. Nbd2 e6 6. Qa4 Nd7 7. e3 a6 8. Ne5 Ncxe5 9. dxe5 Be7 10. Bg3 0-0 11. Qxg4 c5 12. Bd3 Qb6 13. Rb1 Qc7 14. Nf3 Qd8 15. 0-0 b5 16. Qh3 g6 17. Rfd1 c4 18. Bc2 a5 19. Nd4 Qb6 20. Bf4 b4 21. Qh6 Nc5 22. h4 b3 23. axb3 cxb3 24. Bd3 Nxd3 25. Rxd3 a4 26. Nf3 f6 27. exf6 Bxf6 28. Be5 Bxe5 29. Nxe5 Rf5 30. Nxg6 hxg6 31. Qxg6+ Kf8 32. Rd4 Rf7 33. Rg4 Ke7 34. Qg5+ Kd7 35. Rb4 Qc6 36. Qg6 Raf8 37. Qg3 Rxf2 38. Qxf2 Rxf2 39. Kxf2 Ke7 1/2-1/2

[Event "Nova Gorica op-A 18th"]
[Site "Nova Gorica"]
[Date "2013.01.25"]
[Round "1"]
[White "Nardin, Flavij"]
[Black "Bellia, Fabrizio"]
[Result "0-1"]
[WhiteElo "1859"]
[BlackElo "2448"]
[PlyCount "92"]
[EventDate "2013.01.25"]
[EventType "swiss"]
[EventRounds "9"]
[EventCountry "SLO"]
[SourceTitle "CBM 152 Extra"]
[Source "ChessBase"]
[SourceDate "2013.02.25"]
[SourceVersion "1"]
[SourceVersionDate "2013.02.25"]
[SourceQuality "1"]

1. d4 Nf6 2. c4 e6 3. Nc3 Bb4 4. Bg5 c5 5. Nf3 h6 6. Bh4 Qa5 7. Bxf6 Bxc3+ 8. bxc3 Qxc3+ 9. Nd2 gxf6 10. d5 f5 11. e3 d6 12. Be2 e5 13. 0-0 Nd7 14. Rb1 Qa5 15. Qc2 Nf6 16. f3 Qc7 17. Bd3 Qd7 18. Rf2 h5 19. Nf1 h4 20. Nd2 Nh5 21. f4 e4 22. Be2 Nf6 23. Nb3 b6 24. Nd2 Ke7 25. a4 Qc7 26. Nb3 Bd7 27. Ra1 Rab8 28. Bd1 a6 29. Be2 Rhc8 30. Nd2 b5 31. axb5 axb5 32. Rb1 bxc4 33. Bxc4 Rxb1+ 34. Nxb1 Rb8 35. Nc3 Qa5 36. h3 Qb4 37. Be2 Qb2 38. Qxb2 Rxb2 39. Bc4 Rb4 40. Ba2 Bb5 41. Nxb5 Rxb5 42. Rd2 Nh5 43. Kf2 Ng3 44. Bc4 Rb1 45. Ra2 Rc1 46. Be2 Nh1# 0-1

[Event "Nova Gorica op-A 17th"]
[Site "Nova Gorica"]
[Date "2012.01.31"]
[Round "7"]
[White "Brcar, Matej"]
[Black "Nardin, Flavij"]
[Result "1/2-1/2"]
[WhiteElo "1592"]
[BlackElo "1916"]
[PlyCount "40"]
[EventDate "2012.01.27"]
[EventType "swiss"]
[EventRounds "9"]
[EventCountry "SLO"]
[SourceTitle "CBM 146 Extra"]
[Source "ChessBase"]
[SourceDate "2012.02.29"]
[SourceVersion "1"]
[SourceVersionDate "2012.02.29"]
[SourceQuality "1"]

1. e4 e6 2. d4 d5 3. exd5 exd5 4. Bd3 Nc6 5. c3 Nf6 6. Bf4 Be7 7. Qb3 0-0 8. Nf3 Bd6 9. Bxd6 Qxd6 10. 0-0 Bg4 11. Nbd2 h6 12. Rfe1 Rfe8 13. h3 Be6 14. Ne5 Ne7 15. Ndf3 Ne4 16. Qc2 f6 17. Nc4 Qd7 18. Na5 Nd6 19. Rac1 b6 20. Nb3 Bf5 1/2-1/2

[Event "Nova Gorica op-A 17th"]
[Site "Nova Gorica"]
[Date "2012.01.27"]
[Round "1"]
[White "Doric, Darko"]
[Black "Nardin, Flavij"]
[Result "1-0"]
[WhiteElo "2511"]
[BlackElo "1916"]
[PlyCount "39"]
[EventDate "2012.01.27"]
[EventType "swiss"]
[EventRounds "9"]
[EventCountry "SLO"]
[SourceTitle "CBM 146 Extra"]
[Source "ChessBase"]
[SourceDate "2012.02.29"]
[SourceVersion "1"]
[SourceVersionDate "2012.02.29"]
[SourceQuality "1"]

1. d4 d5 2. c4 c6 3. Nc3 e6 4. e4 Bb4 5. Bd2 Bxc3 6. Bxc3 Nf6 7. f3 dxe4 8. Qc2 exf3 9. Nxf3 0-0 10. Bd3 Nbd7 11. Ne5 h6 12. 0-0 Nxe5 13. dxe5 Ne8 14. Rad1 Qc7 15. Qe2 c5 16. Qe4 g6 17. Qf4 Kg7 18. Bd2 Rh8 19. Rf3 b6 20. Rdf1 1-0

[Event "Nova Gorica op-A 16th"]
[Site "Nova Gorica"]
[Date "2011.01.31"]
[Round "6"]
[White "Nardin, Flavij"]
[Black "Franca, Veronika"]
[Result "1-0"]
[WhiteElo "1931"]
[BlackElo "1808"]
[PlyCount "108"]
[EventDate "2011.01.28"]
[EventType "swiss"]
[EventRounds "9"]
[EventCountry "SLO"]
[SourceTitle "CBM 140 Extra"]
[Source "ChessBase"]
[SourceDate "2011.03.01"]
[SourceVersion "1"]
[SourceVersionDate "2011.03.01"]
[SourceQuality "1"]

1. d4 Nf6 2. Nc3 d5 3. Nf3 g6 4. h3 Bg7 5. Bg5 h6 6. Bh4 0-0 7. e3 Bf5 8. Bd3 Bxd3 9. Qxd3 e6 10. 0-0 Nbd7 11. b4 Rc8 12. Ne5 Qe8 13. a4 Nxe5 14. dxe5 Nd7 15. f4 Nb6 16. e4 c6 17. Qd4 Ra8 18. a5 Nc4 19. Na4 Qc8 20. Rfe1 Qc7 21. exd5 cxd5 22. Ra2 Rfc8 23. c3 b6 24. a6 Qc6 25. Rea1 Qb5 26. Nb2 Nxb2 27. Rxb2 Qc4 28. Qxc4 Rxc4 29. Bg3 Rxc3 30. Bf2 Rc4 31. g3 g5 32. Be3 Rac8 33. Rbb1 d4 34. Bd2 gxf4 35. gxf4 Rc2 36. Rc1 Bf8 37. Kf1 Rxc1+ 38. Rxc1 Rxc1+ 39. Bxc1 Bxb4 40. Ke2 Kg7 41. Kd3 Bc3 42. Ba3 f6 43. Bd6 fxe5 44. fxe5 b5 45. Bb8 b4 46. Kc4 b3 47. Kxb3 Ba5 48. Bxa7 Bc7 49. Bxd4 Bb8 50. Kb4 Kg6 51. Kb5 Kh5 52. Kb6 Kh4 53. Kb7 Kxh3 54. Kxb8 Kg2 1-0

[Event "Nova Gorica op-A 16th"]
[Site "Nova Gorica"]
[Date "2011.01.30"]
[Round "4"]
[White "Nardin, Flavij"]
[Black "Mihelj, Edvard Danijel"]
[Result "1/2-1/2"]
[WhiteElo "1931"]
[BlackElo "1804"]
[PlyCount "50"]
[EventDate "2011.01.28"]
[EventType "swiss"]
[EventRounds "9"]
[EventCountry "SLO"]
[SourceTitle "CBM 140 Extra"]
[Source "ChessBase"]
[SourceDate "2011.03.01"]
[SourceVersion "1"]
[SourceVersionDate "2011.03.01"]
[SourceQuality "1"]

1. d4 d5 2. c4 e6 3. Nf3 Nc6 4. e3 Nf6 5. a3 a5 6. Nc3 Bd7 7. Bd3 Ne7 8. Ne5 c6 9. 0-0 Ng6 10. f4 dxc4 11. Bxc4 Nd5 12. e4 Nb6 13. Ba2 Qc7 14. Nxf7 c5 15. Nxh8 Nxh8 16. Be3 0-0-0 17. Rc1 Kb8 18. a4 Bc6 19. d5 exd5 20. exd5 c4 21. Bxb6 Qxb6+ 22. Kh1 Qb4 23. b3 cxb3 24. Qxb3 Be8 25. Qc2 Qd4 1/2-1/2

[Event "Nova Gorica op-A 16th"]
[Site "Nova Gorica"]
[Date "2011.01.29"]
[Round "3"]
[White "Pecchiari, Alberto"]
[Black "Nardin, Flavij"]
[Result "0-1"]
[WhiteElo "1621"]
[BlackElo "1931"]
[PlyCount "58"]
[EventDate "2011.01.28"]
[EventType "swiss"]
[EventRounds "9"]
[EventCountry "SLO"]
[SourceTitle "CBM 140 Extra"]
[Source "ChessBase"]
[SourceDate "2011.03.01"]
[SourceVersion "1"]
[SourceVersionDate "2011.03.01"]
[SourceQuality "1"]

1. e4 e6 2. d4 d5 3. exd5 exd5 4. Bd3 Nc6 5. c3 Be6 6. Bf4 Nf6 7. Nf3 h6 8. Nbd2 Bd6 9. Bxd6 cxd6 10. 0-0 0-0 11. Re1 Qd7 12. Kh1 Rfe8 13. Ng1 Bg4 14. f3 Bf5 15. Qc2 Bxd3 16. Qxd3 a6 17. Re2 Rxe2 18. Nxe2 Ne7 19. Ng3 g6 20. Re1 b5 21. Qe2 Re8 22. Qd1 Kg7 23. Kg1 Rc8 24. a3 a5 25. Qe2 Nc6 26. Rc1 Nxd4 27. Qf1 Ne6 28. Nb3 Qc6 29. Nxa5 Qb6+ 0-1

[Event "Nova Gorica op-B 15th"]
[Site "Nova Gorica"]
[Date "2010.02.06"]
[Round "9"]
[White "Nardin, Flavij"]
[Black "Sambo, Pietro"]
[Result "1-0"]
[WhiteElo "1963"]
[BlackElo "1716"]
[PlyCount "75"]
[EventDate "2010.01.31"]
[EventType "swiss"]
[EventRounds "9"]
[EventCountry "SLO"]
[SourceTitle "CBM 134 Extra"]
[Source "ChessBase"]
[SourceDate "2010.03.03"]
[SourceVersion "1"]
[SourceVersionDate "2010.03.03"]
[SourceQuality "1"]

1. d4 Nf6 2. c4 e6 3. Nc3 d5 4. Bg5 Be7 5. e3 0-0 6. Nf3 c6 7. Qc2 Nbd7 8. h3 Re8 9. cxd5 exd5 10. Bd3 h6 11. Bh4 Bd6 12. Ne2 Bb4+ 13. Nc3 Qa5 14. 0-0 Bxc3 15. bxc3 Ne4 16. Rab1 f5 17. Bg3 Ndf6 18. Be5 Nd7 19. c4 Kh8 20. Bf4 Ndf6 21. Rbd1 Be6 22. c5 Re7 23. Ne5 Kh7 24. f3 g5 25. Bh2 Qa3 26. Rfe1 Qb4 27. fxe4 dxe4 28. Bc4 Bd5 29. Qf2 f4 30. exf4 e3 31. Rxe3 Ne4 32. Bd3 Qxd4 33. Rde1 Qxd3 34. Nxd3 Nxf2 35. Rxe7+ Kg6 36. Kxf2 Rf8 37. g4 Bxa2 38. f5+ 1-0

[Event "Nova Gorica op-B 14th"]
[Site "Nova Gorica"]
[Date "2009.02.03"]
[Round "5"]
[White "Kersic, Matej"]
[Black "Nardin, Flavij"]
[Result "1-0"]
[WhiteElo "2166"]
[BlackElo "1947"]
[PlyCount "79"]
[EventDate "2009.01.31"]
[EventType "swiss"]
[EventRounds "9"]
[EventCountry "SLO"]
[SourceTitle "EXT 2011"]
[Source "ChessBase"]
[SourceDate "2010.11.26"]
[SourceVersion "1"]
[SourceVersionDate "2010.11.26"]
[SourceQuality "1"]

1. e4 e6 2. d4 d5 3. Nd2 Nf6 4. e5 Nfd7 5. Bd3 c5 6. c3 Nc6 7. Ne2 Be7 8. 0-0 f5 9. exf6 Nxf6 10. Nf3 0-0 11. Re1 Bd6 12. Bf4 c4 13. Bc2 Ng4 14. Bg3 Qc7 15. Bxd6 Qxd6 16. h3 Rxf3 17. hxg4 Rf8 18. f4 Ne7 19. g3 Bd7 20. Kg2 g6 21. Ng1 Rae8 22. Nf3 Nc6 23. Rh1 Re7 24. Qe2 Kg7 25. Rh4 Rh8 26. Rah1 h6 27. Kg1 Nd8 28. Ne5 Be8 29. Qh2 h5 30. gxh5 gxh5 31. g4 Kg8 32. gxh5 Rg7+ 33. Kf1 Rh6 34. Rg1 Qe7 35. Bg6 Nf7 36. Bxf7+ Bxf7 37. Rxg7+ Kxg7 38. Qg3+ Kf8 39. Rg4 Qf6 40. Nd7+ 1-0

[Event "Nova Gorica op-B 14th"]
[Site "Nova Gorica"]
[Date "2009.02.01"]
[Round "3"]
[White "Winkler, Silvo"]
[Black "Nardin, Flavij"]
[Result "1/2-1/2"]
[WhiteElo "1603"]
[BlackElo "1947"]
[PlyCount "28"]
[EventDate "2009.01.31"]
[EventType "swiss"]
[EventRounds "9"]
[EventCountry "SLO"]
[SourceTitle "EXT 2011"]
[Source "ChessBase"]
[SourceDate "2010.11.26"]
[SourceVersion "1"]
[SourceVersionDate "2010.11.26"]
[SourceQuality "1"]

1. d4 d5 2. c4 c6 3. Nc3 Nf6 4. Nf3 e6 5. Bg5 Be7 6. e3 Nbd7 7. Bd3 Qc7 8. Bf4 Qa5 9. Qa4 Qxa4 10. Nxa4 0-0 11. Nc3 a6 12. a4 Nh5 13. Bg3 f5 14. cxd5 exd5 1/2-1/2

[Event "SLO-chT1 West"]
[Site "Ljubljana"]
[Date "2008.11.23"]
[Round "9.5"]
[White "Nardin, Flavij"]
[Black "Skok, Joze"]
[Result "0-1"]
[WhiteElo "1957"]
[BlackElo "2031"]
[PlyCount "84"]
[EventDate "2008.11.13"]
[EventType "team-tourn"]
[EventRounds "9"]
[EventCountry "SLO"]
[SourceTitle "EXT 2010"]
[Source "ChessBase"]
[SourceDate "2010.11.25"]
[SourceVersion "1"]
[SourceVersionDate "2010.11.25"]
[SourceQuality "1"]
[WhiteTeam "Nova Gorica"]
[BlackTeam "Domzale"]
[WhiteTeamCountry "SLO"]
[BlackTeamCountry "SLO"]

1. d4 Nf6 2. c4 g6 3. Nc3 d5 4. Bg5 Ne4 5. Nxe4 dxe4 6. g3 Bg7 7. Be3 c5 8. Bg2 cxd4 9. Bd2 f5 10. h4 h5 11. Nh3 Be6 12. Qc1 Qc7 13. Nf4 Bf7 14. b3 0-0 15. Rb1 Nd7 16. 0-0 a6 17. Qa3 Rfe8 18. Nh3 Be5 19. Ng5 e3 20. fxe3 dxe3 21. Nxf7 Kxf7 22. Bxe3 Bxg3 23. Bg5 Rab8 24. b4 Be5 25. c5 Bf6 26. Bf4 Be5 27. Bg5 Nf6 28. e3 Ng4 29. Bf4 Bxf4 30. Qb3+ Kg7 31. exf4 e5 32. Qg3 exf4 33. Rxf4 Re3 34. Bf3 Qe5 35. Rd1 Re8 36. Rd2 Re1+ 37. Kg2 Qe3 38. Rd7+ Kh6 39. Kh3 Rg1 40. Bg2 Qxg3+ 41. Kxg3 Re3+ 42. Rf3 Rxf3+ 0-1

[Event "Nova Gorica op-B 13th"]
[Site "Nova Gorica"]
[Date "2008.01.31"]
[Round "8"]
[White "Urbanc, Vinko"]
[Black "Nardin, Flavij"]
[Result "1-0"]
[WhiteElo "1686"]
[BlackElo "1996"]
[PlyCount "139"]
[EventDate "2008.01.26"]
[EventType "swiss"]
[EventRounds "9"]
[EventCountry "SLO"]
[SourceTitle "EXT 2010"]
[Source "ChessBase"]
[SourceDate "2010.11.25"]
[SourceVersion "1"]
[SourceVersionDate "2010.11.25"]
[SourceQuality "1"]

1. e4 e6 2. d4 d5 3. Nc3 Nf6 4. e5 Nfd7 5. Nf3 Be7 6. g3 c5 7. Ne2 Nc6 8. c3 b6 9. Bg2 Ba6 10. 0-0 Rc8 11. a3 cxd4 12. cxd4 0-0 13. Re1 Na5 14. Bf1 f6 15. Nf4 Bxf1 16. Nxe6 Qe8 17. Rxf1 Rf7 18. exf6 Rxf6 19. Nf4 Rd6 20. Re1 Qf7 21. Ne5 Nxe5 22. dxe5 Rdd8 23. h4 d4 24. Qd3 g6 25. Rd1 Nc6 26. Qe4 a5 27. Nd3 Qe6 28. Kg2 Rd5 29. f4 Rcd8 30. Bd2 Qg4 31. Qf3 Qe6 32. Rac1 Rf8 33. Re1 h5 34. b4 axb4 35. axb4 Bd8 36. Re2 Ne7 37. Nf2 Nc6 38. Qd3 Kg7 39. Kh2 Rf7 40. Be1 Ne7 41. Rc4 Nf5 42. Rec2 Ne3 43. Rc6 Qf5 44. Ra2 Ng4+ 45. Kg1 Ne3 46. Ra8 Rfd7 47. Bd2 Kh7 48. Qxf5 gxf5 49. Nd3 Rg7 50. Kf2 Nd1+ 51. Kf3 Ne3 52. Rcc8 Be7 53. Rh8+ Kg6 54. Ra7 Nc4 55. Be1 Ne3 56. Re8 Bf8 57. Re6+ Kh7 58. Rxg7+ Kxg7 59. Rxb6 Nc2 60. Bd2 Na1 61. Rb7+ Kg6 62. Rb6+ Kf7 63. b5 Ke7 64. Rb8 Nc2 65. Ke2 Ke6 66. Rb6+ Kd7 67. Rb7+ Kd8 68. e6 Ba3 69. Ne5 Kc8 70. e7 1-0

[Event "Nova Gorica op-B 13th"]
[Site "Nova Gorica"]
[Date "2008.01.30"]
[Round "7"]
[White "Nardin, Flavij"]
[Black "Vidrih, Jana"]
[Result "1/2-1/2"]
[WhiteElo "1996"]
[BlackElo "1726"]
[PlyCount "24"]
[EventDate "2008.01.26"]
[EventType "swiss"]
[EventRounds "9"]
[EventCountry "SLO"]
[SourceTitle "EXT 2010"]
[Source "ChessBase"]
[SourceDate "2010.11.25"]
[SourceVersion "1"]
[SourceVersionDate "2010.11.25"]
[SourceQuality "1"]

1. d4 d5 2. c4 e6 3. Nc3 Nf6 4. Bg5 Be7 5. Nf3 c6 6. e3 0-0 7. Bd3 Nbd7 8. Qc2 dxc4 9. Bxc4 Nd5 10. Bxe7 Qxe7 11. Nxd5 exd5 12. Bd3 Nf6 1/2-1/2

[Event "Nova Gorica op-B 12th"]
[Site "Nova Gorica"]
[Date "2007.01.29"]
[Round "6"]
[White "Nardin, Flavij"]
[Black "Portelli, Severino"]
[Result "1-0"]
[WhiteElo "2024"]
[BlackElo "1903"]
[PlyCount "73"]
[EventDate "2007.01.26"]
[EventType "swiss"]
[EventRounds "9"]
[EventCountry "SLO"]
[SourceTitle "CBM 116 Extra"]
[Source "ChessBase"]
[SourceDate "2007.03.07"]
[SourceVersion "1"]
[SourceVersionDate "2007.03.07"]
[SourceQuality "1"]

1. d4 Nf6 2. c4 d6 3. Nc3 Nbd7 4. e4 e5 5. d5 Nc5 6. Bd3 Be7 7. Nge2 0-0 8. 0-0 Bg4 9. f3 Bh5 10. Bc2 Bg6 11. Be3 Nfd7 12. b4 Na6 13. a3 f5 14. exf5 Bxf5 15. Qd2 c5 16. dxc6 bxc6 17. Bxf5 Rxf5 18. Ng3 Rf8 19. Rfd1 Nc7 20. Nge4 Ne8 21. Nxd6 Nxd6 22. c5 Nf5 23. Qxd7 Qxd7 24. Rxd7 Bf6 25. Re1 Rad8 26. Rxd8 Rxd8 27. Bc1 Rd3 28. Ne4 Bh4 29. g3 Nd4 30. gxh4 Nxf3+ 31. Kf2 Nxe1 32. Kxe1 Rh3 33. Bg5 h6 34. b5 cxb5 35. c6 Rxh2 36. Nf2 Rg2 37. c7 1-0

[Event "Nova Gorica op-B 12th"]
[Site "Nova Gorica"]
[Date "2007.01.29"]
[Round "7"]
[White "Nardin, Flavij"]
[Black "Stolfa, Rodolfo"]
[Result "0-1"]
[WhiteElo "2024"]
[BlackElo "1890"]
[PlyCount "59"]
[EventDate "2007.01.26"]
[EventType "swiss"]
[EventRounds "9"]
[EventCountry "SLO"]
[SourceTitle "CBM 116 Extra"]
[Source "ChessBase"]
[SourceDate "2007.03.07"]
[SourceVersion "1"]
[SourceVersionDate "2007.03.07"]
[SourceQuality "1"]

1. d4 d5 2. c4 e6 3. Nf3 Nf6 4. Bg5 Be7 5. Bxf6 Bxf6 6. Nc3 Nc6 7. e3 0-0 8. a3 b6 9. Be2 dxc4 10. Bxc4 Na5 11. Ba2 c5 12. 0-0 Bb7 13. Bb1 Bxf3 14. gxf3 cxd4 15. exd4 Qxd4 16. Qc2 Qh4 17. Ne4 g6 18. Ba2 Rac8 19. Qe2 Rfd8 20. Rfd1 Bg7 21. Rab1 Qf4 22. Rxd8+ Rxd8 23. Rd1 Rxd1+ 24. Qxd1 Be5 25. Ng3 h5 26. Bxe6 fxe6 27. Qd8+ Kg7 28. Qe7+ Qf7 29. Qg5 Bxg3 30. Qxg3 0-1

[Event "Nova Gorica op-B 12th"]
[Site "Nova Gorica"]
[Date "2007.01.27"]
[Round "4"]
[White "Mihelj, Edvard Danijel"]
[Black "Nardin, Flavij"]
[Result "1-0"]
[WhiteElo "1500"]
[BlackElo "2024"]
[PlyCount "61"]
[EventDate "2007.01.26"]
[EventType "swiss"]
[EventRounds "9"]
[EventCountry "SLO"]
[SourceTitle "CBM 116 Extra"]
[Source "ChessBase"]
[SourceDate "2007.03.07"]
[SourceVersion "1"]
[SourceVersionDate "2007.03.07"]
[SourceQuality "1"]

1. e4 e6 2. Nc3 c6 3. d4 d5 4. Be3 Nf6 5. e5 Nfd7 6. f4 Bb4 7. Qd2 c5 8. a3 Bxc3 9. Qxc3 cxd4 10. Bxd4 0-0 11. Qh3 Nc6 12. Bd3 g6 13. Bf2 f5 14. Nf3 Qe7 15. 0-0 Nc5 16. Bh4 Qc7 17. Bf6 Nd7 18. Bh4 a6 19. b4 Nd8 20. Kh1 h5 21. Qg3 Kg7 22. Be7 Re8 23. Qh4 Nf7 24. Nd4 Nf8 25. Bf6+ Kh6 26. Rf3 Nh7 27. Rg3 Rg8 28. Be2 Nxf6 29. Qxf6 Nh8 30. Rh3 Kh7 31. Bxh5 1-0

[Event "Nova Gorica op-B 11th"]
[Site "Nova Gorica"]
[Date "2006.02.01"]
[Round "9"]
[White "Nardin, Flavij"]
[Black "Ursic, Mateja"]
[Result "0-1"]
[WhiteElo "2062"]
[BlackElo "2040"]
[PlyCount "102"]
[EventDate "2006.01.27"]
[EventType "swiss"]
[EventRounds "9"]
[EventCountry "SLO"]
[SourceTitle "CBM 110 Extra"]
[Source "ChessBase"]
[SourceDate "2006.03.10"]
[SourceVersion "2"]
[SourceVersionDate "2006.03.10"]
[SourceQuality "1"]

1. d4 f5 2. c4 Nf6 3. Nc3 g6 4. Nf3 Bg7 5. Bg5 Ne4 6. e3 Nxg5 7. Nxg5 0-0 8. f4 d6 9. Qb3 c5 10. 0-0-0 Na6 11. h4 h6 12. Nf3 h5 13. g3 Rb8 14. Bg2 Kh8 15. a3 Bd7 16. Ng5 Qe8 17. Nb5 Bc6 18. Rhg1 d5 19. Bxd5 Bxd5 20. cxd5 c4 21. Qa4 Nc7 22. Nc3 Qxa4 23. Nxa4 Nxd5 24. Rge1 Rbc8 25. Nc3 Nxc3 26. bxc3 Bf6 27. Ne6 Rfe8 28. Kc2 Rc6 29. d5 Rd6 30. e4 fxe4 31. Rxe4 b5 32. Nc7 Rb8 33. Re6 Rb7 34. Ne8 Rd8 35. Nxf6 exf6 36. Rxf6 Kg7 37. Re6 Rbd7 38. Re5 Rd6 39. f5 Kf6 40. Re6+ Kxf5 41. Rf1+ Kg4 42. Rff6 Rxd5 43. Rxg6+ Kf3 44. Rgf6+ Kxg3 45. Re3+ Kxh4 46. Rf2 Rd3 47. Re4+ Kg3 48. Ree2 h4 49. Rg2+ Kf4 50. Ref2+ Rf3 51. Re2 Rdd3 0-1

[Event "Nova Gorica op-B 11th"]
[Site "Nova Gorica"]
[Date "2006.02.01"]
[Round "8"]
[White "Visintin, Roberto"]
[Black "Nardin, Flavij"]
[Result "0-1"]
[WhiteElo "1985"]
[BlackElo "2062"]
[PlyCount "72"]
[EventDate "2006.01.27"]
[EventType "swiss"]
[EventRounds "9"]
[EventCountry "SLO"]
[SourceTitle "CBM 110 Extra"]
[Source "ChessBase"]
[SourceDate "2006.03.10"]
[SourceVersion "2"]
[SourceVersionDate "2006.03.10"]
[SourceQuality "1"]

1. d4 d5 2. Nf3 c6 3. Bf4 Nd7 4. e3 Ngf6 5. Nbd2 e6 6. Bd3 Be7 7. c3 Nh5 8. Bg3 Nxg3 9. hxg3 f5 10. g4 0-0 11. Qc2 g6 12. gxf5 exf5 13. g4 Nb6 14. 0-0-0 Rf6 15. Ng5 fxg4 16. Rxh7 Rf5 17. Rdh1 Bf6 18. Bxf5 Bxf5 19. e4 Bg7 20. exf5 Qxg5 21. f6 Qxf6 22. R1h2 Qg5 23. Qd3 Re8 24. Kc2 Nd7 25. Rg2 Qf4 26. Rh4 Nf6 27. f3 g5 28. Rh1 Kf7 29. fxg4 Nxg4 30. Kb3 Ne3 31. Re2 b5 32. Rhe1 c5 33. Ka3 c4 34. Qb1 b4+ 35. cxb4 a5 36. bxa5 Qd6+ 0-1

[Event "Nova Gorica op-B 11th"]
[Site "Nova Gorica"]
[Date "2006.01.27"]
[Round "1"]
[White "Nardin, Flavij"]
[Black "Devetak, Robert"]
[Result "1-0"]
[WhiteElo "2062"]
[BlackElo "1677"]
[PlyCount "83"]
[EventDate "2006.01.27"]
[EventType "swiss"]
[EventRounds "9"]
[EventCountry "SLO"]
[SourceTitle "CBM 110 Extra"]
[Source "ChessBase"]
[SourceDate "2006.03.10"]
[SourceVersion "2"]
[SourceVersionDate "2006.03.10"]
[SourceQuality "1"]

1. d4 d5 2. c4 e6 3. Nc3 Nf6 4. Bg5 Nbd7 5. Nf3 c6 6. e3 Qa5 7. Qc2 Bb4 8. Nd2 Ne4 9. Ndxe4 dxe4 10. Bh4 e5 11. Bg3 0-0 12. Be2 Re8 13. 0-0 exd4 14. exd4 c5 15. d5 Bxc3 16. bxc3 Nf6 17. h3 Bf5 18. Rfe1 Bg6 19. Bh4 e3 20. Bd3 exf2+ 21. Bxf2 Rxe1+ 22. Bxe1 Bxd3 23. Qxd3 Re8 24. d6 Rd8 25. Bh4 Qa6 26. Bg3 Ne8 27. Rd1 Qxa2 28. Re1 Qa4 29. Re7 Qc6 30. Qf5 Nf6 31. Rc7 Qe8 32. Rxb7 Rd7 33. Rc7 Rxc7 34. dxc7 Nd7 35. Qg5 f6 36. Qd5+ Kh8 37. Bd6 Nb6 38. Qxc5 Nc8 39. Qd5 Qd7 40. Bg3 Qxd5 41. cxd5 Kg8 42. d6 1-0

[Event "Nova Gorica op-B 10th"]
[Site "Nova Gorica"]
[Date "2005.02.03"]
[Round "9"]
[White "Nardin, Flavij"]
[Black "Bizjak, Nejc"]
[Result "1/2-1/2"]
[WhiteElo "2062"]
[BlackElo "1500"]
[PlyCount "35"]
[EventDate "2005.01.28"]
[EventType "swiss"]
[EventRounds "9"]
[EventCountry "SLO"]
[SourceTitle "CBM 104 Extra"]
[Source "ChessBase"]
[SourceDate "2005.03.01"]
[SourceVersion "1"]
[SourceVersionDate "2005.03.01"]
[SourceQuality "1"]

1. d4 d5 2. c4 Nf6 3. Nc3 e6 4. a3 a5 5. Bg5 Be7 6. Nf3 Nc6 7. e3 0-0 8. Bd3 h6 9. Bh4 Nh7 10. Bg3 Bd6 11. Bh4 Be7 12. Bg3 Bd6 13. Qc2 Nf6 14. Bh4 Be7 15. c5 Nd7 16. Bg3 Na7 17. 0-0 b6 18. b4 1/2-1/2

[Event "Nova Gorica op-B 10th"]
[Site "Nova Gorica"]
[Date "2005.01.28"]
[Round "1"]
[White "Fantini, Marco"]
[Black "Nardin, Flavij"]
[Result "1-0"]
[WhiteElo "1850"]
[BlackElo "2062"]
[PlyCount "55"]
[EventDate "2005.01.28"]
[EventType "swiss"]
[EventRounds "9"]
[EventCountry "SLO"]
[SourceTitle "CBM 104 Extra"]
[Source "ChessBase"]
[SourceDate "2005.03.01"]
[SourceVersion "1"]
[SourceVersionDate "2005.03.01"]
[SourceQuality "1"]

1. d4 d5 2. Nc3 Bf5 3. f3 e6 4. e4 Bg6 5. exd5 exd5 6. Qe2+ Qe7 7. Nxd5 Qxe2+ 8. Bxe2 Kd7 9. Bf4 Bd6 10. Bxd6 Kxd6 11. Ne3 Nf6 12. Kd2 Nc6 13. c3 Rhe8 14. Nh3 h6 15. Rhe1 Rad8 16. Bb5 a6 17. Nc4+ Kd7 18. Ne5+ Kd6 19. Bxc6 bxc6 20. Nxg6 fxg6 21. Nf4 g5 22. Nd3 g4 23. Rxe8 Rxe8 24. Re1 gxf3 25. gxf3 Rf8 26. Nc5 a5 27. Re6+ Kd5 28. Re5+ 1-0